Le Bonheur impossible (Record no. 32744)

MARC details
000 -LEADER
campo de control de longitud fija 00417nam a2200145 i 4500
001 - NÚMERO DE CONTROL
campo de control 32744
003 - IDENTIFICADOR DE NÚMERO DE CONTROL
campo de control ES-MaACL
007 - CAMPO FIJO DE DESCRIPCIÓN FÍSICA--INFORMACIÓN GENERAL
campo de control de longitud fija t|
008 - DATOS DE LONGITUD FIJA--INFORMACIÓN GENERAL
campo de control de longitud fija 030131s1856 fr ||||1| fre d
100 1# - ENTRADA PRINCIPAL--NOMBRE DE PERSONA
Nombre de persona Berton, Caroline.
9 (RLIN) 28484
245 13 - MENCIÓN DEL TÍTULO
Título Le Bonheur impossible
Resto del título : mort et vivant /
Mención de responsabilidad, etc. par Caroline Berton née Samson.
260 ## - PUBLICACIÓN, DISTRIBUCIÓN, ETC.
Lugar de publicación, distribución, etc. París :
Nombre del editor, distribuidor, etc. M. Lévy frères,
Fecha de publicación, distribución, etc. 1856.
300 ## - DESCRIPCIÓN FÍSICA
Extensión 294 p. ;
Dimensiones 19 cm.
852 ## - LOCALIZACIÓN
Ubicación ES-MaACL
Número de control de estantería G-7401
Holdings
Estatus retirado Estado de pérdida Estado de daño No para préstamo Colección Biblioteca de origen Biblioteca actual Ubicación en estantería Fecha de adquisición Fuente de adquisición Total de préstamos Signatura topográfica completa Código de barras Visto por última vez Precio de reemplazo Tipo de ítem Koha
        Libros del s. XIX Biblioteca del Ateneo de Madrid Biblioteca del Ateneo de Madrid Depósito 2 17/01/2008     G-7401 1033970 23/02/2023 23/02/2023 Libro impreso antiguo